Statistics for U.S State Capitals Map Quiz

Click here to take the quiz!

General Stats

  • This quiz has been taken 45,521 times
  • The average score is 32 of 50

Answer Stats

Answer % Correct
Honolulu
93%
Sacramento
92%
Austin
86%
Juneau
85%
Phoenix
84%
Oklahoma City
82%
Salt Lake City
80%
Denver
78%
Olympia
78%
Santa Fe
78%
Tallahassee
76%
Boise
76%
Atlanta
74%
Baton Rouge
73%
Nashville
72%
Salem
71%
Carson City
71%
Albany
69%
Indianapolis
68%
Little Rock
66%
Helena
65%
Bismarck
63%
Springfield
63%
Montgomery
62%
Boston
62%
Columbus
62%
Des Moines
62%
Saint Paul
62%
Cheyenne
60%
Lansing
60%
Topeka
59%
Lincoln
59%
Madison
58%
Jackson
57%
Harrisburg
55%
Augusta
55%
Providence
54%
Frankfort
54%
Pierre
54%
Raleigh
51%
Richmond
51%
Jefferson City
49%
Montpelier
48%
Annapolis
48%
Trenton
47%
Hartford
46%
Charleston
46%
Concord
43%
Dover
42%
Columbia
41%

Score Distribution

Percentile by Number Answered

Percent of People with Each Score

Your Score History

You have not taken this quiz